000 00477cam a2200193ua 4500
001 10827
008 190406n ii |||gr||||Z||||||asm
020 _a9789324400925
040 _cMAIN
041 _aasm
082 _a891.4513
100 _aMonikuntala Bhattacharya,
_eAuthor.
245 _aKabiganga
_cBy Manikuntala Bhattacharya
250 _a2nd ed.
260 _aGuwahati:
_bChandra prakash,
_c2013.
300 _a200p.
653 _aAssamese short story
942 _cBK
999 _c9786
_d9786